000 00659am a2200241a 44500
005 20260309162859.0
008 150320b2007 xxu||||| |||| 00| 0 spa d
020 _a9789974206472
041 _aESP
082 _a364.147 M294m
245 _aManual de peritaje informático
260 _aUruguay
260 _bFundación de Cultura Universitaria
260 _c2007
300 _a52 páginas
490 _aInvestigación Criminal
500 _aContiene glosario de términos informáticos
650 _aDELITOS INFORMATICOS
650 _aPERITAJE INFORMATICO
650 _aPERICIA INFORMATICA
650 _aCADENA DE CUSTODIA
942 _cBK
_2ddc
999 _c4065
_d4065